Educación, estructura social y cambio /

Guardado en:
Autor Principal: Vasconi, Tomás Amadeo
Formato: Libro
Publicado: Paraná  : Facultad de Ciencias de la Educaci¢n, 1964
Materias:
Etiquetas: Agregar Etiqueta
Sin Etiquetas, Sea el primero en etiquetar este registro!
LEADER 00511nam a22001695a 4500
001 CEM.cems006867
005 20060214000000.0
008 130507s1964##################000#0#####d
003 CEMS
082 0 4 |a 370.19 
100 1 |a Vasconi, Tomás Amadeo 
245 1 0 |a Educación, estructura social y cambio / 
260 |a Paraná  :  |b Facultad de Ciencias de la Educaci¢n,  |c 1964 
300 |a 94 p. 
653 |a Educacion 
653 |a Sociologia de la educacion 
859 |a CEMS  |b BIB. CEMS - 11 de abril  |h 370.19  |i V441  |p 5702.76  |t Ej.1